Great Spaces: Home Interiors (Record no. 8037)

000 -LEADER
fixed length control field 00354nam a22001457a 4500
003 - CONTROL NUMBER IDENTIFIER
control field OSt
005 - DATE AND TIME OF LATEST TRANSACTION
control field 20200626123428.0
008 - FIXED-LENGTH DATA ELEMENTS--GENERAL INFORMATION
fixed length control field 200626b ||||| |||| 00| 0 eng d
020 ## - INTERNATIONAL STANDARD BOOK NUMBER
International Standard Book Number 9782917031360
082 ## - DEWEY DECIMAL CLASSIFICATION NUMBER
Classification number 747
Item number KRA
100 ## - MAIN ENTRY--PERSONAL NAME
Personal name Krauel Jacobo
245 ## - TITLE STATEMENT
Title Great Spaces: Home Interiors
260 ## - PUBLICATION, DISTRIBUTION, ETC. (IMPRINT)
Place of publication, distribution, etc Spain
Name of publisher, distributor, etc Links International
Date of publication, distribution, etc 2006
942 ## - ADDED ENTRY ELEMENTS (KOHA)
Source of classification or shelving scheme
Holdings
Withdrawn status Lost status Source of classification or shelving scheme Damaged status Koha normalized classification for sorting Not for loan Permanent location Current location Date acquired Full call number Barcode Date last seen Price effective from Koha item type
        747_000000000000000_KRA   BMS College of Architecture, Design and Planning BMS College of Architecture, Design and Planning 2020-06-26 747 KRA AR-UG1797 2020-06-26 2020-06-26 UG Books
Copyright © 2025, The Librarian, Library and Information Centre, BMSCA D&P, Bengaluru. All Rights Reserved
web counter

Powered by Koha